000
00304nam a2200121Ia 4500
008
190216s9999||||xx |||||||||||||| ||und||
100
_a
Aravind N Das & Nilakanth V
245
0
_a
Agarian Relations In India
260
_b
Manohar Book Dippo
_c
1979
300
_a
273p
650
_a
Economics
942
_c
BK
999
_c
9561
_d
9561